Dark Souls 1 - General Knowledge - Statistics

General Stats
  • This quiz has been taken 385 times
  • The average score is 16 of 25
Answer Stats
Hint Answer % Correct
Where does this animal drop the player off? Firelink Shrine
90%
What animal picks up the player, helping them escape imprisonment? Giant Crow
90%
Did he succeed? No, he fell to the Abyss
89%
What is the name of the place where the player is imprisoned at the start of the game? Northern Undead Asylum
87%
Who was the person that ordered the player, and all other undead, to the above? Gwyn, Lord of Cinder
84%
Who is the blacksmith located in the old parish? Blacksmith Andre
82%
What is the name of the town next to the above? Undead Burg
81%
What knight had fought Manus, Father of the Abyss? Knight Artorias
80%
Where does Crossbreed Priscilla reside? Painted World of Ariamis
79%
What is the above safeguarding? Anor Londo
78%
What iconic pair of knights protect the above? Dragonslayer Ornstein and Executioner Smough
77%
What is at the top of the above? (Boss) Iron Golem
75%
What is the flooded city underground named? New Londo
73%
What is the locked structure next to the old parish called? Sen's Fortress
73%
What dragon is known for having the Mark of Calamity? Black Dragon Kalameet
70%
Who was granted Dukedom for aiding in the war against dragons? Seath the Scaleless
70%
Who is trapped in the basement of a tower there? Havel the Rock
63%
What is at the bottom of the Great Hollow? Ash Lake
60%
Who resides at the top of the cathedral of the above? Gwynevere, Princess of Sunlight
55%
What small passageway lies between the Demon Ruins and Blighttown? Quelaag's Domain
40%
What power did Priscilla have that scared the gods, resulting in her banishment to the above? Lifehunt
24%
What protrusions come out of the ground and hold up the world in the above? Archtrees
19%
Who is safeguarding the first bonfire in the above? Darkmoon Knightess
15%
What resides at the very back of the above? The Stone Dragon
13%
Why was the city flooded? To stop the spread of the Abyss
8%
No matching quizzes found
Score Distribution
Percent of People with Each Score
Percentile by Number Answered
Your Score History
You have not taken this quiz